• 首页
  • 本馆介绍
  • 公告通知
  • 最新文献
  • 馆藏检索
  • 电子资源
  • 读者导购
  • 参考咨询
  • 我的图书馆
  • 登录
  • 详细信息显示
  • 放入我的书架
  • 预约/预借图书
  • 作者相关作品
  • 分类相关作品
  • 丛书相关作品
  • 出版社相关作品

书目信息

  • 表格格式
  • 工作单格式
  • 卡片格式
题名:
智力测验大全
    
 
作者: 尹明 , 艾克 著
分册: 3   自然科学趣题
出版信息: 北京   北京少年儿童出版社  1983
页数: 208页
开本: 19cm
丛书名:
单 册:
中图分类: G899
科图分类:
主题词: 智力游戏 , 文娱性体育活动
电子资源:
ISBN:
000 00825nam0 2200289 45
001 0183010729
005 20040509155846.4
010    @dCNY0.65
091    @a7325.13
100    @a19950703d1983 am y0chiy0121 ea
101 0  @achi
102    @aCN@b110000
105    @af z 000yy
106    @ar
200 10 @a智力测验大全@h3@i自然科学趣题@Azhi li ce yan da quan@f尹明, 艾克著
210    @a北京@c北京少年儿童出版社@d1983
215    @a208页@c图@d19cm
327 1  @a第1册,民间益智故事@a第2册,语言故事益智游戏@a第3册,延期科学趣题
517    @a自然科学趣题@AZi Ran Ke Xue Qu Ti
606    @a智力游戏
606 0  @a文娱性体育活动
690    @aG899@v3
701  0 @a尹明@Ayin ming@4著
701  0 @a艾克@Aai ke@4著
801  0 @aCN@b上海图书馆@c20040509
801  2 @aCN@bNLC@c20040509
905    @dG899@e18:3@b105185@f1
    
    智力测验大全.3.自然科学趣题/尹明, 艾克著.-北京:北京少年儿童出版社,1983
    208页:图;19cm
    
    部分内容:第1册,民间益智故事;第2册,语言故事益智游戏;第3册,延期科学趣题
    ISBN :CNY0.65
    
●
相关链接 在E读中查询图书 在五车中查询图书 在当当中查询图书 在豆瓣中查询图书


正题名:智力测验大全     索取号:G899/18:3         预约/预借

序号 登录号 条形码 馆藏地/架位号 状态 备注
1 0105185   000307466   密集书库/ [索取号:G899/18:3] 在馆    
唐山师范学院图书馆 欢迎您!
大连网信软件有限公司© 版权所有